Evaluación económica de proyectos de inversión / (Registro nro. 8277)

Detalles MARC
000 -LEADER
fixed length control field 02609nam a2200277Ia 4500
003 - CONTROL NUMBER IDENTIFIER
control field OSt
005 - DATE AND TIME OF LATEST TRANSACTION
control field 20210810160658.0
008 - FIXED-LENGTH DATA ELEMENTS--GENERAL INFORMATION
fixed length control field 210310t2010 ck ad fr 000 0dspa d
020 ## - INTERNATIONAL STANDARD BOOK NUMBER
International Standard Book Number 9789584104090
040 ## - CATALOGING SOURCE
Original cataloging agency CO-JMCR
Transcribing agency CO-JMCR
041 0# - LANGUAGE CODE
Language code of text/sound track or separate title spa
082 04 - DEWEY DECIMAL CLASSIFICATION NUMBER
Classification number 332.632 /
Item number V293e1
Edition number 23
100 1# - MAIN ENTRY--PERSONAL NAME
Personal name Varela Villegas, Rodrigo,
9 (RLIN) 16823
Relator term autor
245 10 - TITLE STATEMENT
Title Evaluación económica de proyectos de inversión /
Statement of responsibility, etc. Rodrigo Varela Villegas ; revisión técnica, John Miguel Díez Benjumea
250 ## - EDITION STATEMENT
Edition statement Séptima edición
260 ## - PUBLICATION, DISTRIBUTION, ETC.
Place of publication, distribution, etc. Bogotá :
Name of publisher, distributor, etc. McGrawHill,
Date of publication, distribution, etc. ©2010
300 ## - PHYSICAL DESCRIPTION
Extent xiv, 489 páginas :
Other physical details ilustraciones y gráficas a blanco y negro ;
Dimensions 27 cm. +
Accompanying material CD
490 0# - SERIES STATEMENT
Series statement McGrawHill Educación
500 ## - GENERAL NOTE
General note Incluye datos biográficos de los autores.
505 0# - FORMATTED CONTENTS NOTE
Formatted contents note Introducción a la evaluación de proyectos -- Equivalencia -- Criterios decisorios - Evaluación económica y comparación de alternativas que producen el mismo servicio -- Evaluación económica y comparación de alternativas que producen diferentes servicios -- Evaluaciones económicas después de impuestos -- Criterios decisorios después de impuestos -- Evaluación con dinero prestado -- Evaluaciones especiales
520 3# - SUMMARY, ETC.
Summary, etc. Es una obra dirigida a estudiantes tanto de pregrado como de posgrado, y a profesionales vinculados a cursos, seminarios o aplicaciones profesionales en las áreas de ingeniería económica, presupuestos de capital, análisis económico de inversiones, decisiones de inversión, finanzas, evaluación de proyectos, decisiones económicas en producción, matemáticas financieras y áreas afines.<br/>El libro se divide en tres secciones bien diferenciadas: La primera sección (capítulos 1 al 5) está orientada a familiarizar al lector con los conceptos, criterios, procesos de desarrollo, herramientas, interpretaciones y metodología de toma de decisiones básicas para el análisis económica de las inversiones.<br/>La segunda sección (capítulos 6 a 8) busca que el lector integre la información provista por su estudio de factibilidad, o por su plan de empresa (negocio), con los conceptos contables, financieros y tributarios, con el fin de generar la información requerida para la aplicación de las herramientas y los criterios vistos en la primera sección.<br/>La tercera sección (capítulo 9) está encaminada al análisis de algunas situaciones prácticas de gran ocurrencia en el mundo empresarial.
650 14 - SUBJECT ADDED ENTRY--TOPICAL TERM
Topical term or geographic name entry element Evaluación económica
9 (RLIN) 16825
650 24 - SUBJECT ADDED ENTRY--TOPICAL TERM
Topical term or geographic name entry element Inversiones
General subdivision Evaluación económica
9 (RLIN) 39213
700 1# - ADDED ENTRY--PERSONAL NAME
Personal name Díez Benjumea, John Miguel,
Relator term revisor
9 (RLIN) 39241
942 ## - ADDED ENTRY ELEMENTS (KOHA)
Source of classification or shelving scheme Dewey Decimal Classification
Koha item type Books
Existencias
Withdrawn status Lost status Source of classification or shelving scheme Damaged status Not for loan Collection code Home library Current library Date acquired Source of acquisition Full call number Barcode Date last seen Copy number Koha item type Shelving location Total Checkouts Price effective from
    Dewey Decimal Classification     Non-fiction Biblioteca Pública José María del Castillo y Rada Biblioteca Pública José María del Castillo y Rada 04/15/2018 Donación 332.632 / V293e1 430002864 05/16/2024 Ej.1 Books      
    Dewey Decimal Classification     Non-fiction Biblioteca Pública José María del Castillo y Rada Biblioteca Pública José María del Castillo y Rada 04/15/2018 Donación 332.632 / V293e1 201811124 08/10/2021 Ej.1 Books Audio Visual   08/10/2021